000 00540nam a2200181 a 4500
005 20210219163710.0
008 181106s2015 mx r 000 0 spa d
035 _aUPN01000227605
049 _aCD
050 4 _a(POR ADQUIRIR)
110 2 _aConsejo Nacional de Población (México)
245 0 0 _aÍndice de marginación por entidad federativa y municipio :
_b2015.
260 _aMéxico :
_bCONAPO,
_c2015.
300 _a1 CD-ROM ;
_b4 3/4 plg.
440 0 _aIndices sociodemográficos
905 _aElectrónico
999 _c199700
_d199700